[Event "Liberec Open 2018"]
[Site "Liberec CZE"]
[Date "2018.02.25"]
[Round "2.8"]
[White "Peniska, Pavel"]
[Black "Moravec, Vit"]
[Result "0-1"]
[WhiteElo "1908"]
[BlackElo "2211"]
[PlyCount "84"]
[EventDate "2018.02.24"]
[EventCountry "CZE"]
[SourceTitle "Ajedrez en Madrid"]
[Source "lmi"]
[SourceDate "2018.02.24"]

1. d4 Nf6 2. Nf3 e6 3. Bg5 Be7 4. e3 b6 5. Bd3 Bb7 6. O-O O-O 7. c4 Ne4 8. Bf4
f5 9. h3 d6 10. Nc3 Nxc3 11. bxc3 Nd7 12. Qc2 e5 13. dxe5 Bxf3 14. exd6 Bxd6
15. Bxd6 cxd6 16. gxf3 Ne5 17. Be2 Qh4 18. f4 Qxh3 19. fxe5 Rae8 20. Qd1 Rxe5
21. Qxd6 Rfe8 22. Rfd1 f4 23. Rd5 fxe3 24. Rxe5 exf2+ 25. Kxf2 Qh2+ 26. Kf1
Rxe5 27. Qxe5 Qxe5 28. Bf3 Qxc3 29. Bd5+ Kf8 30. Re1 Qh3+ 31. Kg1 Qg3+ 32. Kf1
h5 33. Re2 g5 34. Rf2+ Ke7 35. Rf3 Qg4 36. Rf7+ Kd6 37. Rxa7 h4 38. Rb7 Kc5 39.
Rc7+ Kb4 40. Rc6 Qd4 41. Re6 g4 42. Re2 h3 0-1

[Event "Liberec Open 2018"]
[Site "Liberec CZE"]
[Date "2018.02.25"]
[Round "2.9"]
[White "Wiley, Thomas"]
[Black "Zochowski, Janusz"]
[Result "1-0"]
[WhiteElo "2190"]
[BlackElo "1929"]
[PlyCount "85"]
[EventDate "2018.02.24"]
[EventCountry "CZE"]
[SourceTitle "Ajedrez en Madrid"]
[Source "lmi"]
[SourceDate "2018.02.24"]

1. d4 d5 2. Bf4 Nf6 3. e3 c5 4. dxc5 Nc6 5. Bb5 e6 6. Bxc6+ bxc6 7. b4 a5 8. c3
g6 9. Nd2 Bg7 10. Be5 O-O 11. Ngf3 Ba6 12. Nd4 Qc8 13. a3 Nd7 14. Bxg7 Kxg7 15.
N2f3 Bc4 16. Nd2 Ba6 17. Ne2 Qc7 18. O-O Ne5 19. h3 Ra7 20. Nb3 Nc4 21. Re1
Rfa8 22. f4 Kg8 23. Ned4 axb4 24. axb4 Bb5 25. Rxa7 Qxa7 26. e4 Ba4 27. exd5
exd5 28. f5 Qc7 29. Qf3 Ne5 30. Qe3 Re8 31. Rf1 Qd8 32. Qh6 Qf6 33. fxg6 Qxg6
34. Qxg6+ hxg6 35. Na5 Kg7 36. Ra1 Bb5 37. Nxb5 cxb5 38. Rd1 Nc4 39. Nxc4 dxc4
40. Rd6 Re3 41. Kf2 Rxc3 42. c6 Ra3 43. c7 1-0

[Event "Liberec Open 2018"]
[Site "Liberec CZE"]
[Date "2018.02.25"]
[Round "2.10"]
[White "Kusa, Jakub"]
[Black "Balinski, Damian"]
[Result "0-1"]
[WhiteElo "1894"]
[BlackElo "2164"]
[PlyCount "96"]
[EventDate "2018.02.24"]
[EventCountry "CZE"]
[SourceTitle "Ajedrez en Madrid"]
[Source "lmi"]
[SourceDate "2018.02.24"]

1. e4 d6 2. d4 Nf6 3. Nc3 g6 4. f3 c6 5. Be3 b5 6. a3 a6 7. Bd3 Nbd7 8. a4 b4
9. Na2 a5 10. c4 c5 11. b3 cxd4 12. Bxd4 Bg7 13. Ne2 O-O 14. O-O Qc7 15. Nac1
Bb7 16. Bc2 Nc5 17. Nd3 e5 18. Be3 Nfd7 19. Qd2 Ne6 20. Rad1 Rad8 21. Bh6 Nb8
22. Bxg7 Kxg7 23. Kh1 Nc6 24. Nf2 f5 25. Nh3 f4 26. Nf2 g5 27. Nh3 h5 28. Rg1
Kh8 29. g4 Rg8 30. Nf2 Ncd4 31. Nxd4 Nxd4 32. Kg2 hxg4 33. Nxg4 Qe7 34. Rh1 Kg7
35. Qf2 Rh8 36. Rxd4 exd4 37. Qxd4+ Kf7 38. Bd3 Bc8 39. Qd5+ Be6 40. Qxa5 Bxg4
41. fxg4 Qe5 42. Qc7+ Kf6 43. h4 f3+ 44. Kf2 Qd4+ 45. Kg3 Qxd3 46. hxg5+ Ke6
47. g6 f2+ 48. Kg2 Qxe4+ 0-1

[Event "Liberec Open 2018"]
[Site "Liberec CZE"]
[Date "2018.02.25"]
[Round "2.11"]
[White "Szalko, Maciej"]
[Black "Buchcar, Tomas"]
[Result "0-1"]
[WhiteElo "1840"]
[BlackElo "2151"]
[PlyCount "76"]
[EventDate "2018.02.24"]
[EventCountry "CZE"]
[SourceTitle "Ajedrez en Madrid"]
[Source "lmi"]
[SourceDate "2018.02.24"]

1. d4 Nf6 2. Nf3 c5 3. g3 b6 4. Bg2 Bb7 5. O-O e6 6. c4 cxd4 7. Qa4 Bc6 8. Qb3
d6 9. Nxd4 Bxg2 10. Kxg2 a6 11. Bg5 Be7 12. Qf3 Ra7 13. Nc3 O-O 14. Rfd1 Qc8
15. Rac1 Qb7 16. Rd3 Rc8 17. b3 Nbd7 18. Qxb7 Rxb7 19. e4 Nc5 20. Rdd1 Nfxe4
21. Nxe4 Nxe4 22. Be3 Nf6 23. Kf3 Nd7 24. Ne2 Nf6 25. g4 Ne8 26. Nc3 Bd8 27.
Ne4 Be7 28. h4 f6 29. Bf4 Rc6 30. Rd3 Rd7 31. Rcd1 b5 32. Bxd6 f5 33. Ng5 Bxg5
34. cxb5 axb5 35. Bg3 Rxd3+ 36. Rxd3 fxg4+ 37. Kxg4 Be7 38. Rd7 Nf6+ 0-1

[Event "Liberec Open 2018"]
[Site "Liberec CZE"]
[Date "2018.02.25"]
[Round "2.12"]
[White "Steiner, Bruno"]
[Black "Lintner, Felix"]
[Result "1-0"]
[WhiteElo "2150"]
[BlackElo "1852"]
[PlyCount "92"]
[EventDate "2018.02.24"]
[EventCountry "CZE"]
[SourceTitle "Ajedrez en Madrid"]
[Source "lmi"]
[SourceDate "2018.02.24"]

1. e3 Nf6 2. Nf3 c5 3. d4 cxd4 4. exd4 g6 5. c4 Bg7 6. Nc3 O-O 7. d5 d6 8. Be2
Bg4 9. O-O a5 10. Be3 Qc8 11. Rc1 Bxf3 12. Bxf3 Qxc4 13. Na4 Qxa2 14. Qc2 Na6
15. Nb6 Nb4 16. Qd2 Nfxd5 17. Bxd5 Nxd5 18. Nxd5 Qxb2 19. Nxe7+ Kh8 20. Rc2 Qb4
21. Qd3 a4 22. Rc4 Qb3 23. Qxb3 axb3 24. Bd4 b2 25. Bxg7+ Kxg7 26. Rb4 Rfe8 27.
Nd5 Re2 28. g3 Ra1 29. Kg2 Rd2 30. Ne3 Ra3 31. Nc4 Rd4 32. Nxa3 Rxb4 33. Rb1
Kf6 34. Nc2 Rb3 35. Kf1 Ke5 36. Ke2 Ke4 37. Ne3 h5 38. h4 f5 39. Nd1 f4 40.
Rxb2 f3+ 41. Kd2 Rd3+ 42. Kc2 Ra3 43. Rxb7 d5 44. Nc3+ Ke5 45. Rb5 Kd4 46.
Rxd5+ Kc4 1-0

[Event "Liberec Open 2018"]
[Site "Liberec CZE"]
[Date "2018.02.25"]
[Round "2.13"]
[White "Gurack, Daniel"]
[Black "Aird, Ian"]
[Result "1-0"]
[WhiteElo "2084"]
[BlackElo "1828"]
[PlyCount "55"]
[EventDate "2018.02.24"]
[EventCountry "CZE"]
[SourceTitle "Ajedrez en Madrid"]
[Source "lmi"]
[SourceDate "2018.02.24"]

1. e4 e5 2. Nf3 Nc6 3. Bc4 Bc5 4. b4 Bxb4 5. c3 Ba5 6. d4 d6 7. dxe5 Bb6 8.
exd6 cxd6 9. O-O Nge7 10. Bf4 Bc5 11. Ng5 d5 12. Bxd5 Nxd5 13. exd5 Ne7 14. Ne4
Qxd5 15. Nxc5 Qxc5 16. Nd2 Qf5 17. Bd6 Be6 18. Qa4+ Nc6 19. Nf3 O-O-O 20. Bg3
Bd5 21. Nd4 Qd7 22. Nb5 Qe7 23. Rfe1 Qc5 24. Qf4 Rd7 25. c4 Be6 26. Rad1 g5 27.
Nd6+ Kb8 28. Qf6 1-0

[Event "Liberec Open 2018"]
[Site "Liberec CZE"]
[Date "2018.02.25"]
[Round "2.14"]
[White "Glock, Benjamin"]
[Black "Cakl, Zdenek"]
[Result "1/2-1/2"]
[WhiteElo "1795"]
[BlackElo "2064"]
[PlyCount "27"]
[EventDate "2018.02.24"]
[EventCountry "CZE"]
[SourceTitle "Ajedrez en Madrid"]
[Source "lmi"]
[SourceDate "2018.02.24"]

1. d4 Nf6 2. Nf3 e6 3. c4 b6 4. Nc3 Bb7 5. Bg5 Be7 6. g3 Ne4 7. Bxe7 Qxe7 8.
Nxe4 Bxe4 9. a3 O-O 10. Bg2 d6 11. O-O Nd7 12. Qd2 f5 13. Rfd1 Rad8 14. b4
1/2-1/2

[Event "Liberec Open 2018"]
[Site "Liberec CZE"]
[Date "2018.02.25"]
[Round "2.15"]
[White "Bradac, Daniel"]
[Black "Pop, Tomas"]
[Result "1-0"]
[WhiteElo "2011"]
[BlackElo "1789"]
[PlyCount "69"]
[EventDate "2018.02.24"]
[EventCountry "CZE"]
[SourceTitle "Ajedrez en Madrid"]
[Source "lmi"]
[SourceDate "2018.02.24"]

1. e4 c5 2. Nf3 e6 3. d3 Nc6 4. g3 d5 5. Nbd2 Nf6 6. Bg2 dxe4 7. dxe4 Qc7 8.
O-O Be7 9. c3 e5 10. Qe2 Be6 11. a4 O-O 12. Nc4 h6 13. Nh4 Rfd8 14. f4 Bg4 15.
Qf2 exf4 16. Bxf4 Qd7 17. e5 Nh5 18. Ne3 Nxf4 19. gxf4 Bxh4 20. Qxh4 Be2 21.
Rf2 Qd3 22. Qg3 Bh5 23. Re1 Rac8 24. Bh3 Rc7 25. Rg2 g6 26. Bf5 Qa6 27. Bg4
Bxg4 28. Nxg4 Kg7 29. f5 Qd3 30. Qf4 Rh8 31. e6 Qd8 32. f6+ Kg8 33. Nxh6+ Rxh6
34. Qxh6 Qxf6 35. exf7+ 1-0

[Event "Liberec Open 2018"]
[Site "Liberec CZE"]
[Date "2018.02.25"]
[Round "2.16"]
[White "Novotna, Tereza"]
[Black "Spicka, Jan"]
[Result "1/2-1/2"]
[WhiteElo "1723"]
[BlackElo "1992"]
[PlyCount "27"]
[EventDate "2018.02.24"]
[EventCountry "CZE"]
[SourceTitle "Ajedrez en Madrid"]
[Source "lmi"]
[SourceDate "2018.02.24"]

1. d4 Nf6 2. c4 g6 3. Nc3 Bg7 4. e4 d6 5. Nf3 O-O 6. Be2 e5 7. dxe5 dxe5 8.
Qxd8 Rxd8 9. Bg5 Re8 10. Nd5 Nxd5 11. cxd5 c6 12. Bc4 cxd5 13. Bxd5 Nd7 14.
O-O-O 1/2-1/2

[Event "Liberec Open 2018"]
[Site "Liberec CZE"]
[Date "2018.02.25"]
[Round "2.17"]
[White "Starzynski, Waldemar"]
[Black "Wrzecionko, David"]
[Result "1-0"]
[WhiteElo "1716"]
[BlackElo "1537"]
[PlyCount "35"]
[EventDate "2018.02.24"]
[EventCountry "CZE"]
[SourceTitle "Ajedrez en Madrid"]
[Source "lmi"]
[SourceDate "2018.02.24"]

1. e4 e5 2. Nf3 Nc6 3. Nc3 Bc5 4. Nxe5 Bxf2+ 5. Kxf2 Nxe5 6. Be2 Qh4+ 7. g3
Qf6+ 8. Kg2 d6 9. Rf1 Qe6 10. d4 Qh3+ 11. Kg1 Ng4 12. Bxg4 Bxg4 13. Qd3 c6 14.
d5 Qh5 15. e5 dxe5 16. dxc6 Rd8 17. cxb7 Rxd3 18. cxd3 1-0

[Event "Liberec Open 2018"]
[Site "Liberec CZE"]
[Date "2018.02.25"]
[Round "2.18"]
[White "Stodola, Zdenek"]
[Black "Pruetting, Lucas"]
[Result "1-0"]
[WhiteElo "1534"]
[BlackElo "1678"]
[PlyCount "57"]
[EventDate "2018.02.24"]
[EventCountry "CZE"]
[SourceTitle "Ajedrez en Madrid"]
[Source "lmi"]
[SourceDate "2018.02.24"]

1. d4 d5 2. c4 c6 3. e3 Nf6 4. h3 e6 5. Nc3 Nbd7 6. Nf3 dxc4 7. Bxc4 b5 8. Bd3
a6 9. O-O Be7 10. Bd2 O-O 11. Rc1 Bb7 12. Bb1 Qc7 13. e4 Rfd8 14. e5 Ne8 15.
Qc2 g6 16. Ne4 Rac8 17. b4 Ng7 18. g4 f6 19. Bf4 fxe5 20. Nxe5 Rf8 21. Nxg6 Qd8
22. Nxf8 Qxf8 23. Bg3 Nf6 24. Nxf6+ Qxf6 25. Qxh7+ Kf7 26. Be5 Qg5 27. f4 Qh4
28. Bg6+ Kf8 29. Bxg7# 1-0

[Event "Liberec Open 2018"]
[Site "Liberec CZE"]
[Date "2018.02.25"]
[Round "2.19"]
[White "Svec, Ludek"]
[Black "Reimer, Karl"]
[Result "0-1"]
[WhiteElo "1673"]
[BlackElo "1528"]
[PlyCount "46"]
[EventDate "2018.02.24"]
[EventCountry "CZE"]
[SourceTitle "Ajedrez en Madrid"]
[Source "lmi"]
[SourceDate "2018.02.24"]

1. d4 Nf6 2. Nf3 c5 3. d5 d6 4. c4 b5 5. Nc3 bxc4 6. e4 g6 7. Bxc4 Nbd7 8. O-O
Bg7 9. Re1 Ng4 10. h3 Nge5 11. Nxe5 Nxe5 12. Bb5+ Bd7 13. Be2 Bc8 14. f4 Nd7
15. Be3 O-O 16. Qd2 Rb8 17. Rec1 a6 18. b3 Rb4 19. Bd3 Bd4 20. Bxd4 Rxd4 21.
Qc2 Qb6 22. a3 Rxd3 23. Qxd3 c4+ 0-1

[Event "Liberec Open 2018"]
[Site "Liberec CZE"]
[Date "2018.02.25"]
[Round "2.20"]
[White "Vorsilka, Jiri"]
[Black "Zeleny, Ondrej"]
[Result "1-0"]
[WhiteElo "1608"]
[BlackElo "1419"]
[PlyCount "53"]
[EventDate "2018.02.24"]
[EventCountry "CZE"]
[SourceTitle "Ajedrez en Madrid"]
[Source "lmi"]
[SourceDate "2018.02.24"]

1. e4 e6 2. d4 d5 3. Nc3 Nf6 4. Bg5 Be7 5. e5 Nfd7 6. Bxe7 Qxe7 7. f4 c5 8. Nb5
Nb6 9. Nd6+ Kd8 10. dxc5 N6d7 11. b4 b6 12. cxb6 Nxb6 13. c4 f6 14. c5 N6d7 15.
Qa4 Qf8 16. c6 Nb6 17. Qc2 Na6 18. Nb7+ Bxb7 19. cxb7 Qxb4+ 20. Qd2 Qe4+ 21.
Kf2 Rb8 22. Bxa6 fxe5 23. Re1 Qf5 24. Rxe5 Qf6 25. Nf3 Rf8 26. Rhe1 Re8 27. f5
1-0

[Event "Liberec Open 2018"]
[Site "Liberec CZE"]
[Date "2018.02.26"]
[Round "3.1"]
[White "Plischki, Sebastian"]
[Black "Steiner, Bruno"]
[Result "1-0"]
[WhiteElo "2400"]
[BlackElo "2150"]
[PlyCount "101"]
[EventDate "2018.02.24"]
[EventCountry "CZE"]
[SourceTitle "Ajedrez en Madrid"]
[Source "lmi"]
[SourceDate "2018.02.24"]

1. d4 d5 2. c4 e6 3. Nf3 c6 4. e3 Nf6 5. Nc3 Nbd7 6. Qc2 Bd6 7. Be2 O-O 8. O-O
dxc4 9. Bxc4 e5 10. Bb3 exd4 11. exd4 Nb6 12. Bg5 Be6 13. Bxe6 fxe6 14. Rfe1
Qd7 15. Bxf6 gxf6 16. Re4 Nd5 17. Rae1 Kh8 18. Nxd5 exd5 19. Re6 f5 20. g3 Bb4
21. R1e2 Qg7 22. a3 Ba5 23. Kg2 Rf6 24. Re7 Rf7 25. Rxf7 Qxf7 26. Re5 Rf8 27.
Qe2 Bb6 28. Re7 Qg6 29. Rxb7 f4 30. Re7 fxg3 31. hxg3 Kg8 32. Ne5 Qe4+ 33. Qxe4
dxe4 34. Nxc6 Rf6 35. Ne5 Bxd4 36. Ng4 Rb6 37. b4 Ra6 38. Rxe4 Bb6 39. Nf6+ Kf7
40. Nd5 Rxa3 41. Re7+ Kf8 42. Rxh7 Bd4 43. Rh4 Rd3 44. Rf4+ Ke8 45. g4 Kd7 46.
g5 Kd6 47. Nf6 Ke5 48. Rf3 Rd1 49. g6 a5 50. g7 axb4 51. g8=Q 1-0

[Event "Liberec Open 2018"]
[Site "Liberec CZE"]
[Date "2018.02.26"]
[Round "3.2"]
[White "Buchcar, Tomas"]
[Black "Chakravarthi Reddy, M."]
[Result "0-1"]
[WhiteElo "2151"]
[BlackElo "2380"]
[PlyCount "68"]
[EventDate "2018.02.24"]
[EventCountry "CZE"]
[SourceTitle "Ajedrez en Madrid"]
[Source "lmi"]
[SourceDate "2018.02.24"]

1. e3 e5 2. c4 Nc6 3. a3 g6 4. b4 Bg7 5. Bb2 Nge7 6. Nf3 d6 7. Qc2 O-O 8. Be2
h6 9. d3 Be6 10. Nbd2 f5 11. O-O g5 12. d4 g4 13. Nxe5 dxe5 14. d5 Nxd5 15.
cxd5 Bxd5 16. b5 Ne7 17. e4 Be6 18. exf5 Bxf5 19. Qb3+ Kh8 20. Nc4 Ng6 21. Ne3
Nf4 22. Bc4 Be4 23. Nxg4 Bxg2 24. Rfe1 Qg5 25. Qg3 e4 26. h4 Qe7 27. Bc1 Bf3
28. Qxf3 exf3 29. Rxe7 Bxa1 30. Be3 Rae8 31. Rd7 Ne2+ 32. Kh2 Re4 33. Rh7+ Kxh7
34. Bd3 Rfe8 0-1

[Event "Liberec Open 2018"]
[Site "Liberec CZE"]
[Date "2018.02.26"]
[Round "3.3"]
[White "Czopor, Maciej"]
[Black "Jedynak, Radoslaw"]
[Result "0-1"]
[WhiteElo "2144"]
[BlackElo "2342"]
[PlyCount "154"]
[EventDate "2018.02.24"]
[EventCountry "CZE"]
[SourceTitle "Ajedrez en Madrid"]
[Source "lmi"]
[SourceDate "2018.02.24"]

1. e4 e5 2. Nf3 Nc6 3. Bb5 f5 4. d3 fxe4 5. dxe4 Nf6 6. O-O Bc5 7. Qd3 d6 8.
Qc4 Qe7 9. Nc3 Bd7 10. Nd5 Nxd5 11. exd5 Nd4 12. Bxd7+ Qxd7 13. Nxd4 Bxd4 14.
a4 a6 15. Be3 Bxe3 16. fxe3 O-O-O 17. Rf3 Rdf8 18. Raf1 Rxf3 19. Rxf3 Kb8 20.
Qh4 c6 21. dxc6 Qxc6 22. Qe7 Re8 23. Qxg7 Qxc2 24. Qd7 Qc1+ 25. Rf1 Qxe3+ 26.
Kh1 Rc8 27. Qxd6+ Ka7 28. h3 Rc1 29. Rxc1 Qxc1+ 30. Kh2 Qf4+ 31. Kh1 Qd4 32.
Qxd4+ exd4 33. Kg1 Kb6 34. Kf2 Ka5 35. g4 Kxa4 36. Ke2 Kb3 37. Kd3 Kxb2 38. g5
a5 39. h4 a4 40. h5 a3 41. g6 hxg6 42. hxg6 a2 43. g7 a1=Q 44. g8=Q Qd1+ 45.
Ke4 Qb3 46. Qg2+ Ka3 47. Kxd4 b5 48. Kc5 Qc4+ 49. Kd6 Qd4+ 50. Ke7 b4 51. Qa8+
Kb2 52. Qg2+ Kc3 53. Qc6+ Kd3 54. Qa6+ Kd2 55. Qa2+ Kc1 56. Kf8 Qf4+ 57. Kg7
Qg3+ 58. Kh6 Qe3+ 59. Kh5 b3 60. Qa1+ Kc2 61. Qa4 Qf3+ 62. Kh4 Qd5 63. Kh3 Kc3
64. Qa3 Qd4 65. Kh2 Kc2 66. Qf8 b2 67. Qf5+ Kc1 68. Qc8+ Kd1 69. Qf5 Qd2+ 70.
Kg1 Qc1 71. Qd3+ Ke1 72. Qe4+ Kd2+ 73. Kf2 Qc2 74. Qe3+ Kd1+ 75. Kf1 Qc4+ 76.
Kf2 b1=Q 77. Qe1+ Kc2 0-1

[Event "Liberec Open 2018"]
[Site "Liberec CZE"]
[Date "2018.02.26"]
[Round "3.4"]
[White "Certek, Pavel"]
[Black "Gurack, Daniel"]
[Result "0-1"]
[WhiteElo "2256"]
[BlackElo "2084"]
[PlyCount "80"]
[EventDate "2018.02.24"]
[EventCountry "CZE"]
[SourceTitle "Ajedrez en Madrid"]
[Source "lmi"]
[SourceDate "2018.02.24"]

1. d4 d5 2. Nf3 Nf6 3. e3 e6 4. c4 Be7 5. Nc3 O-O 6. Bd3 b6 7. O-O dxc4 8. Bxc4
Bb7 9. Qe2 Nbd7 10. Rd1 Ne4 11. Nxe4 Bxe4 12. b3 Bd6 13. Bb2 Qf6 14. Nd2 Qh6
15. Nf1 f5 16. f3 Bd5 17. a4 a5 18. Ba3 Bxa3 19. Rxa3 Kh8 20. Ra2 Rae8 21. Bxd5
exd5 22. Rc2 c6 23. Qa6 Qe6 24. Rdc1 Rc8 25. Qb7 c5 26. Qa6 Rfe8 27. Qb5 Rcd8
28. Rd1 Ra8 29. dxc5 Nxc5 30. Rcd2 Red8 31. Rd4 g6 32. Rb1 Rac8 33. b4 axb4 34.
Rdxb4 Rd6 35. Qe2 d4 36. Rxd4 Rxd4 37. Qb2 Qd6 38. Qxd4+ Qxd4 39. exd4 Nxa4 40.
Rb4 Nc3 0-1

[Event "Liberec Open 2018"]
[Site "Liberec CZE"]
[Date "2018.02.26"]
[Round "3.5"]
[White "Saglam, Buelent"]
[Black "Bednar, Marcel"]
[Result "1-0"]
[WhiteElo "2083"]
[BlackElo "2246"]
[PlyCount "66"]
[EventDate "2018.02.24"]
[EventCountry "CZE"]
[SourceTitle "Ajedrez en Madrid"]
[Source "lmi"]
[SourceDate "2018.02.24"]

1. d4 Nf6 2. c4 g6 3. Nc3 d5 4. cxd5 Nxd5 5. e4 Nxc3 6. bxc3 Bg7 7. Nf3 c5 8.
Rb1 cxd4 9. cxd4 Qa5+ 10. Bd2 Qxa2 11. Qc1 Qe6 12. Ng5 Qd7 13. Bb5 Nc6 14. d5
O-O 15. dxc6 Qd4 16. O-O a6 17. Be3 Qe5 18. cxb7 Bxb7 19. Bd7 Bc8 20. Bf4 Bxd7
21. Bxe5 Bxe5 22. Rd1 Bb5 23. Rd5 Bg7 24. h4 e6 25. Rdxb5 axb5 26. h5 Rac8 27.
Qf4 Rc5 28. hxg6 hxg6 29. Qh4 Re8 30. Rd1 Rc7 31. Rd3 Be5 32. Qh7+ Kf8 33. g3
Bf6 1-0

[Event "Liberec Open 2018"]
[Site "Liberec CZE"]
[Date "2018.02.26"]
[Round "3.6"]
[White "Kucera, Petr"]
[Black "Dzubasz, Tino"]
[Result "1/2-1/2"]
[WhiteElo "2236"]
[BlackElo "2080"]
[PlyCount "78"]
[EventDate "2018.02.24"]
[EventCountry "CZE"]
[SourceTitle "Ajedrez en Madrid"]
[Source "lmi"]
[SourceDate "2018.02.24"]

1. d4 Nf6 2. Nf3 c5 3. c3 cxd4 4. cxd4 g6 5. Nc3 Bg7 6. Bf4 d5 7. e3 Qa5 8. Be2
Nc6 9. O-O Nh5 10. Be5 f6 11. Bg3 Nxg3 12. hxg3 Be6 13. a3 Kf7 14. b4 Qd8 15.
Rc1 Qd6 16. e4 dxe4 17. Nxe4 Qd8 18. Nfg5+ fxg5 19. Nxg5+ Kf6 20. Nxe6 Kxe6 21.
d5+ Kf7 22. dxc6 Qxd1 23. Rfxd1 bxc6 24. Bc4+ Ke8 25. Be6 Bb2 26. Rb1 Be5 27.
Rbc1 Bb2 28. Rxc6 Bxa3 29. Rd4 Rb8 30. b5 Bd6 31. Ra4 Kf8 32. Bc4 Rb7 33. Rc8+
Kg7 34. Rxh8 Kxh8 35. Kf1 Kg7 36. Ke2 Bc5 37. Bd3 Rd7 38. Re4 Rd4 39. Re5 Bd6
1/2-1/2

[Event "Liberec Open 2018"]
[Site "Liberec CZE"]
[Date "2018.02.26"]
[Round "3.7"]
[White "Malinovsky, Petr"]
[Black "Parligras, Cosmin"]
[Result "0-1"]
[WhiteElo "2022"]
[BlackElo "2214"]
[PlyCount "96"]
[EventDate "2018.02.24"]
[EventCountry "CZE"]
[SourceTitle "Ajedrez en Madrid"]
[Source "lmi"]
[SourceDate "2018.02.24"]

1. d4 Nf6 2. c4 e6 3. Nc3 Bb4 4. Bg5 h6 5. Bh4 c5 6. d5 Bxc3+ 7. bxc3 d6 8. e3
Qe7 9. Bd3 Nbd7 10. Nf3 Nb6 11. O-O exd5 12. cxd5 Nbxd5 13. e4 Nf4 14. e5 dxe5
15. Nxe5 O-O 16. Re1 Be6 17. Bc4 Rfe8 18. Qd2 g5 19. Bxe6 Qxe6 20. Bg3 N6h5 21.
Bxf4 Nxf4 22. g3 Qd5 23. Qxd5 Nxd5 24. c4 Nf6 25. f4 Rad8 26. Rad1 Kg7 27. Kf2
Ne4+ 28. Kf3 Nc3 29. Rxd8 Rxd8 30. Re3 Nb1 31. Kg4 Nd2 32. fxg5 hxg5 33. Kf5
Rd4 34. Rc3 Ne4 35. Re3 Nd6+ 36. Kxg5 f6+ 37. Kh5 fxe5 38. Rxe5 Rxc4 39. Rd5
Nf7 40. g4 b6 41. Rd7 Rd4 42. Rxa7 Rd5+ 43. Kh4 c4 44. Ra3 Rc5 45. Rc3 Ng5 46.
a4 Ne4 47. Re3 c3 48. Rxe4 c2 0-1

[Event "Liberec Open 2018"]
[Site "Liberec CZE"]
[Date "2018.02.26"]
[Round "3.8"]
[White "Moravec, Vit"]
[Black "Bradac, Daniel"]
[Result "1/2-1/2"]
[WhiteElo "2211"]
[BlackElo "2011"]
[PlyCount "51"]
[EventDate "2018.02.24"]
[EventCountry "CZE"]
[SourceTitle "Ajedrez en Madrid"]
[Source "lmi"]
[SourceDate "2018.02.24"]

1. e4 d5 2. exd5 Qxd5 3. Nc3 Qd8 4. d4 Bf5 5. Bc4 Nf6 6. Nf3 e6 7. Bg5 Be7 8.
Qe2 c6 9. Rd1 Nbd7 10. Ne5 O-O 11. O-O Nd5 12. Bxe7 Qxe7 13. Ne4 Nxe5 14. dxe5
Bxe4 15. Qxe4 Rad8 16. Rd3 g6 17. Rfd1 Nb4 18. Rd6 Nd5 19. Rxd8 Rxd8 20. Bxd5
Rxd5 21. Rxd5 cxd5 22. Qf4 Qc5 23. Qf6 Qxc2 24. Qd8+ Kg7 25. Qf6+ Kg8 26. Qd8+
1/2-1/2

[Event "Liberec Open 2018"]
[Site "Liberec CZE"]
[Date "2018.02.26"]
[Round "3.9"]
[White "Domanski, Lukasz"]
[Black "Wiley, Thomas"]
[Result "0-1"]
[WhiteElo "2007"]
[BlackElo "2190"]
[PlyCount "58"]
[EventDate "2018.02.24"]
[EventCountry "CZE"]
[SourceTitle "Ajedrez en Madrid"]
[Source "lmi"]
[SourceDate "2018.02.24"]

1. e4 e6 2. d4 d5 3. e5 c5 4. Nf3 Nc6 5. Bd3 cxd4 6. O-O f6 7. Bb5 Bd7 8. Bxc6
bxc6 9. Qxd4 c5 10. Qh4 f5 11. Bg5 Be7 12. Bxe7 Qxe7 13. Qf4 Rb8 14. Nbd2 Nh6
15. Rab1 Nf7 16. h4 g6 17. c4 d4 18. b4 Rxb4 19. Rxb4 cxb4 20. Qxd4 Bc6 21. c5
a5 22. Qc4 O-O 23. Qa6 Qxc5 24. Nb3 Qd5 25. Qxa5 Qxa5 26. Nxa5 Bxf3 27. gxf3
Nxe5 28. f4 Nd3 29. Rb1 Rc8 0-1

[Event "Liberec Open 2018"]
[Site "Liberec CZE"]
[Date "2018.02.26"]
[Round "3.10"]
[White "Balinski, Damian"]
[Black "Grzesik, Norbert"]
[Result "1/2-1/2"]
[WhiteElo "2164"]
[BlackElo "1996"]
[PlyCount "60"]
[EventDate "2018.02.24"]
[EventCountry "CZE"]
[SourceTitle "Ajedrez en Madrid"]
[Source "lmi"]
[SourceDate "2018.02.24"]

1. d4 Nf6 2. c4 e6 3. Nf3 Bb4+ 4. Nbd2 b6 5. a3 Bxd2+ 6. Qxd2 Bb7 7. g3 O-O 8.
Bg2 d6 9. O-O a5 10. b3 Nbd7 11. Bb2 Qe7 12. Rfd1 Be4 13. Rac1 Rac8 14. Bh3
Rfd8 15. Ne1 Bf5 16. Bg2 d5 17. f3 h6 18. Nd3 c5 19. cxd5 exd5 20. Ne5 Nxe5 21.
dxe5 Ne8 22. f4 d4 23. e3 dxe3 24. Qxe3 Bg4 25. Bf3 Qe6 26. Bxg4 Qxg4 27. Rd3
Nc7 28. Rd6 Rb8 29. Qd2 Ne6 30. Rd1 Qf5 1/2-1/2

[Event "Liberec Open 2018"]
[Site "Liberec CZE"]
[Date "2018.02.26"]
[Round "3.11"]
[White "Pop, Tomas"]
[Black "Tesar, Jan"]
[Result "0-1"]
[WhiteElo "1789"]
[BlackElo "2044"]
[PlyCount "42"]
[EventDate "2018.02.24"]
[EventCountry "CZE"]
[SourceTitle "Ajedrez en Madrid"]
[Source "lmi"]
[SourceDate "2018.02.24"]

1. e4 c5 2. Nf3 a6 3. d4 cxd4 4. Nxd4 Nf6 5. Nc3 e5 6. Nf3 Bb4 7. Bd2 O-O 8.
Bd3 d5 9. Nxe5 Re8 10. f4 dxe4 11. Bc4 Be6 12. Bxe6 Rxe6 13. Qe2 Nc6 14. Qc4 e3
15. Bc1 Bxc3+ 16. Qxc3 Nd5 17. Nxc6 bxc6 18. Qd4 Qh4+ 19. g3 Qh3 20. Qd3 Qg2
21. Qf1 Qe4 0-1

[Event "Liberec Open 2018"]
[Site "Liberec CZE"]
[Date "2018.02.26"]
[Round "3.12"]
[White "Strzelecki, Jerzy"]
[Black "Ulicny, Daniel"]
[Result "1-0"]
[WhiteElo "2019"]
[BlackElo "1789"]
[PlyCount "61"]
[EventDate "2018.02.24"]
[EventCountry "CZE"]
[SourceTitle "Ajedrez en Madrid"]
[Source "lmi"]
[SourceDate "2018.02.24"]

1. c4 f5 2. Nf3 Nf6 3. g3 e6 4. Bg2 d5 5. O-O Be7 6. d4 O-O 7. Bf4 c6 8. Qc2
Ne4 9. Nc3 Nd7 10. Ne5 Nxe5 11. Bxe5 Bf6 12. Bxf6 Qxf6 13. e3 Bd7 14. f4 Nxc3
15. Qxc3 Be8 16. b4 Qe7 17. a4 a6 18. Rfb1 Bf7 19. Bf1 Rfc8 20. c5 Be8 21. Qb3
Qd8 22. Ra3 Ra7 23. Rba1 Rca8 24. Kf2 Qf6 25. b5 axb5 26. axb5 Rxa3 27. Rxa3
Rxa3 28. Qxa3 Qd8 29. Qa7 Qc8 30. b6 h6 31. Ba6 1-0

[Event "Liberec Open 2018"]
[Site "Liberec CZE"]
[Date "2018.02.26"]
[Round "3.13"]
[White "Polansky, Adam Lubos"]
[Black "Ruzicka, Vaclav"]
[Result "1-0"]
[WhiteElo "1949"]
[BlackElo "1614"]
[PlyCount "61"]
[EventDate "2018.02.24"]
[EventCountry "CZE"]
[SourceTitle "Ajedrez en Madrid"]
[Source "lmi"]
[SourceDate "2018.02.24"]

1. e4 c6 2. d4 d5 3. e5 c5 4. dxc5 e6 5. a3 Qc7 6. Nf3 Bxc5 7. b4 Bb6 8. Bd3 h6
9. Bb2 Ne7 10. Nbd2 Bd7 11. c4 a6 12. Rc1 Qd8 13. O-O Nbc6 14. Qb3 Bc7 15. Bb1
dxc4 16. Nxc4 b5 17. Nd6+ Kf8 18. Rfd1 Nd5 19. Be4 Nce7 20. Bd4 Qb8 21. Bc5 Kg8
22. Nxb5 Bxb5 23. Bxe7 Bxe5 24. Rxd5 Bxh2+ 25. Nxh2 exd5 26. Bxd5 Be8 27. Bxa8
Qxa8 28. Nf3 Kh7 29. Qd3+ g6 30. Bf6 Rg8 31. Ng5+ 1-0